Európsky rozmer podnikavosti a výchovy k podnikaniu
Analýza vybraných dokumentov Európskej komisie, zameraných na podporu podnikavosti a jej implementáciu do obsahu vzdelávania na všetkých úrovniach vzdelávacích systémov členských krajín EÚ. Piliere Akčného plánu pre podnikanie 2020.
Saved in:
| Main Author: | |
|---|---|
| Format: | Book Chapter |
| Language: | Slovak |
| Subjects: | |
| Tags: |
No Tags, Be the first to tag this record!
|
MARC
| LEADER | 00000nla a2200000 4500 | ||
|---|---|---|---|
| 001 | 0208751 | ||
| 005 | 20240502073452.8 | ||
| 041 | 0 | |a slo | |
| 044 | |a SK | ||
| 245 | 1 | 0 | |a Európsky rozmer podnikavosti a výchovy k podnikaniu |c Ľudmila Velichová |
| 520 | |a Analýza vybraných dokumentov Európskej komisie, zameraných na podporu podnikavosti a jej implementáciu do obsahu vzdelávania na všetkých úrovniach vzdelávacích systémov členských krajín EÚ. Piliere Akčného plánu pre podnikanie 2020. | ||
| 610 | 2 | 0 | |a podnikanie |
| 610 | 2 | 0 | |a vzdelávanie celoživotné |
| 610 | 2 | 0 | |a vzdelávanie ďalšie |
| 610 | 2 | 0 | |a príprava odborná |
| 610 | 2 | 0 | |a dokumenty |
| 610 | 2 | 0 | |a Európska únia |
| 100 | 1 | |a Velichová, Ľudmila | |